书目信息 |
| 题名: |
反应过程、设备与工业应用
|
|
| 作者: | 廖传华 , 王重庆 , 梁荣 著 | |
| 分册: | ||
| 出版信息: | 北京 化学工业出版社 2017.11 |
|
| 页数: | 382页 | |
| 开本: | 26cm | |
| 丛书名: | 过程设备与工业应用丛书 | |
| 单 册: | ||
| 中图分类: | TQ052 | |
| 科图分类: | ||
| 主题词: | 反应设备 | |
| 电子资源: | ||
| ISBN: | 978-7-122-29658-0 | |
| 000 | 01023oam2 2200265 450 | |
| 001 | 5032 | |
| 005 | 20181013180011.05 | |
| 010 | @a978-7-122-29658-0@dCNY138.00 | |
| 100 | @a20180612d2017 em y0chiy50 ea | |
| 101 | 0 | @achi |
| 102 | @aCN@b110000 | |
| 105 | @aa z 000yy | |
| 200 | 1 | @a反应过程、设备与工业应用@9fan ying guo cheng、she bei yu gong ye ying yong@f廖传华,王重庆,梁荣著 |
| 210 | @a北京@c化学工业出版社@d2017.11 | |
| 215 | @a382页@c图@d26cm | |
| 225 | 2 | @a过程设备与工业应用丛书 |
| 330 | @a本书在系统介绍化学反应基本理论的基础上,分别详细介绍了釜式反应器、管式反应器、塔式反应器、固定床反应器、流化床反应器、离子交换反应器、电化学反应器、膜生物反应器以及其他一些新式化学反应器的工作特性、设计原理、工业应用及评价。 | |
| 461 | 0 | @12001 @a过程设备与工业应用丛书 |
| 606 | 0 | @a反应设备 |
| 690 | @aTQ052@v5 | |
| 701 | 0 | @a廖传华@9liao chuan hua@f(1972-)@4著 |
| 701 | 0 | @a王重庆@9wang chong qing@4著 |
| 701 | 0 | @a梁荣@9liang rong@4著 |
| 801 | 0 | @aCN@b91MARC@c20180612 |
| 905 | @aMuseLib@dTQ052@e471 | |
| 反应过程、设备与工业应用/廖传华,王重庆,梁荣著.-北京:化学工业出版社,2017.11 |
| 382页:图;26cm.-(过程设备与工业应用丛书) |
| ISBN 978-7-122-29658-0:CNY138.00 |
| 本书在系统介绍化学反应基本理论的基础上,分别详细介绍了釜式反应器、管式反应器、塔式反应器、固定床反应器、流化床反应器、离子交换反应器、电化学反应器、膜生物反应器以及其他一些新式化学反应器的工作特性、设计原理、工业应用及评价。 |
| ● |
| 相关链接 |
|
|
|
|
正题名:反应过程、设备与工业应用
索取号:TQ052/471
 
预约/预借
| 序号 | 登录号 | 条形码 | 馆藏地/架位号 | 状态 | 备注 |
| 1 | 1127824 | 211278240 | 第二样本阅览室/ [索取号:TQ052/471] | 在馆 | |
| 2 | 1127825 | 211278259 | 第三借阅区/ [索取号:TQ052/471] | 在馆 | |
| 3 | 1127826 | 211278268 | 化学系资料室/ [索取号:TQ052/471] | 在馆 |